000 00313nam a22001337a 4500
008 180308b xxu||||| |||| 00| 0 eng d
020 _a9780140125481
041 _aeng
080 _a94
100 _a16
101 _aHIS
245 _aPrivate lives public spirit: britain 1870-1914
_cHarris,J
942 _2udc
_cBK
999 _c44357
_d44357